Los días chilenos de Juan Bosch / (Registro nro. 14404)

Detalles MARC
000 -LIDER
fixed length control field 02993nam a2200337 a 4500
001 - NÚMERO DE CONTROL
Identificador de número de control
003 - IDENTIFICACDOR DE NÚMERO DE CONTROL
control field DO-SdBNP
005 - DATE AND TIME OF LATEST TRANSACTION
control field 20230706102216.0
008 - ELEMENTOS DE LONGITUD FIJA
fixed length control field 100222s 2000 dr a 001 0bspa d
040 ## - FUENTE DE CATALOGACIÓN
Agencia que crea de manera original el registro DO-SdBNP
Idioma de catalogación spa
Agencia que realiza la transcripción BPMSU
082 #4 - NÚMERO DE CLASIFICACIÓN DECIMAL DE DEWEY
Classification number 923.27293
Item number B742M, 2000
Edition number 22
100 1# - ASIENTO PRINCIPAL -- NOMBRE PERSONAL
Nombre personal Mansilla, Luis Alberto
245 14 - MENCIÓN DE TITULO
Título Los días chilenos de Juan Bosch /
Mención de responsabilidad Luis Alberto Mansilla ; presentación Vicente Bengoa Albizu; prólogo Volodia Teitelboim.
250 ## - MENCIÓN DE EDICION
Mención de edición
260 ## - PUBLICACIÓN, DISTRIBUCIÓN, ETC. (PIE DE IMPRENTA)
Lugar de publicación, distribución, etc Santo Domingo :
Nombre del editor, distribuidor, etc. Editora Corripio,
Fecha de publicación, distribución, etc 2000.
300 ## - DESCRIPCIÓN FÍSICA
Extensión 276 p. :
Otros detalles físicos il. ;
Dimensiones 23 cm.
500 ## - NOTA GENERAL
Materiales especificados Contiene el programa de la puesta en circulación del libro en el Auditorio "Juan Francisco García" Plaza del Conservatorio, jueves 4 de mayo del 2000
505 0# - NOTA DE CONTENIDO
Título Introducción /
Mención de responsabilidad Vicente Bengoa --
Título Prólogo /
Mención de responsabilidad Voloida Teitelboim --
Información miscelánea Un avecindado en Chile --
Título Santiago a la vista ;
-- Las tertulias de nacimiento ;
-- La muchacha y Cuba ;
-- Té con el crítico Alone ;
-- La vieja y la nueva generación ;
-- El amigo Salvador Allende ;
-- El mundo se agita --
Información miscelánea Una larga marcha --
Título Los primeros años ;
-- Una temporada en otros mundos ;
-- El escritor rebelde ;
-- Hostos, el sembrador ;
-- Los años en La Habana ;
-- Después del fin del tirano ;
Información miscelánea Tres libros publicados en Chile --
Título La muchacha de La Guaira ;
-- Cuba, la isla fascinante ;
-- Judas Iscariote, el calumniado ;
Información miscelánea Trujillo según Bosch --
-- Golpe en la noche --
Título La llegada al poder --
-- Campaña de mentiras ;
-- El golpe en la noche ;
-- Relato de la traición ;
-- Los envenenadores --
Información miscelánea Crónica chilena de un levantamiento solidario ¡Viva Santo Domingo! --
Título Chile frente a la intervención norteamiercana de 1955 --
-- La primera amenaza ;
-- Un informe confidencial ;
-- La visita de Mr. Harriman ;
-- Un mitin de los trabajadores ;
-- Las decisiones de Allende ;
-- Las mujeres y los estudiantes católicos ;
-- Un dominicano Javier ;
-- Violencia contra representantes chilenos --
Información miscelánea Escritos sobre Chile en la hora de los hornos --
Título Un taller de baterías ;
-- De Santo Domingo a Molinos de Niebla ;
-- De Santiago de Chile a Río de Janeiro ;
-- El triunfo de Allende y la lucha popular ;
-- Algunas diferencias entre Chile y la República Dominicana ;
-- El fascismo en Chile --
Información miscelánea Apéndice --
Título Comentarios de Alone sobre los libros de Juan Bosch --
Información miscelánea Anexo I: El golpe de Estado a Bosch visto por los chilenos y otras imágenes --
-- Anexo II: El golpe de Estado a Allende visto por los dominicanos y otros documentos --
-- Índice onomástico
590 ## - NOTA LOCAL
Texto de la nota local Inventariado, 2023/VM
600 10 - ENCABEZAMIENTO DE MATERIA--NOMBRE PERSONAL
Nombre personal Bosch, Juan,
Fechas asociadas con el nombre 1909-2001
9 (RLIN) 1
600 z# - ENCABEZAMIENTO DE MATERIA--NOMBRE PERSONAL
Nombre personal Bosch Gaviño, Juan, 
Fechas asociadas con el nombre 1909-2001
600 z# - ENCABEZAMIENTO DE MATERIA--NOMBRE PERSONAL
Nombre personal Gaviño, Juan Bosch
Fechas asociadas con el nombre 1909-2001
651 #4 - ENCABEZAMIENTO DE MATERIA--NOMBRE GEOGRÁFICO
Nombre geográfico República Dominicana
Subdivisión temática general Historia
Subdivisión cronológica Era de Trujillo,1930-1961
651 #4 - ENCABEZAMIENTO DE MATERIA--NOMBRE GEOGRÁFICO
Nombre geográfico Chile
Subdivisión temática general Política y Gobierno
651 #4 - ENCABEZAMIENTO DE MATERIA--NOMBRE GEOGRÁFICO
Nombre geográfico Chile
Subdivisión temática general Historia
Subdivisión cronológica Golpe de Estado, 1973
700 1# - ASIENTO SECUNDARIO -- NOMBRE PERSONAL
Nombre personal Bengoa Albizu, Vicente,
Mención de responsabilidad introd.
700 1# - ASIENTO SECUNDARIO -- NOMBRE PERSONAL
Nombre personal Teitelboim, Volodia
Mención de responsabilidad pról.
700 1# - ASIENTO SECUNDARIO -- NOMBRE PERSONAL
Nombre personal Teitelboim, Volodia,
Mención de responsabilidad prol.
910 ## - VALIDACIÓN
Validación VMateo V. Control de calidad (BPMSU)
942 ## - ADDED ENTRY ELEMENTS (KOHA)
Source of classification or shelving scheme Dewey Decimal Classification
Koha item type Libros
Existencias
Withdrawn status Lost status Source of classification or shelving scheme Damaged status Not for loan Collection code Home library Current library Date acquired Total Checkouts Full call number Barcode Date last seen Price effective from Koha item type
    Dewey Decimal Classification     Colección Dominicana Biblioteca Pública Metropolitana Salomé Ureña Biblioteca Pública Metropolitana Salomé Ureña 07/06/2023   BPMSU CD 923.27293 B742M, 2000 BPMSU23070013 07/06/2023 07/06/2023 Libros